000 00418nam a2200145Ia 4500
008 100122s9999 xx 000 0 und d
082 _b18839
_a923.142
100 _aGRIFFITH DAVIES J D
245 _aHENRY V (पाने खराब )
260 _bARTHYUR BARKER LTD
_c2002
300 _a312
630 _aHENRY V (पाने खराब )
730 _aHENRY V (पाने खराब )
942 _cBOOK
999 _c365762
_d365759